Teoria geral do processo & teoria do processo civil brasileiro

Detalles Bibliográficos
Autor principal: Klippel, Rodrigo
Formato: eBook
Lenguaje:portugués
Publicado: Indaiatuba: Editora Foco, 2018
Materias:
Acceso en línea:Acceso restringido

MARC

LEADER 00000nam a22000007a 4500
005 20211221234251.0
007 cr|||| ||||
008 211221s2018 br |||||s|||| 00||0 por d
020 |a 978-85-8242-240-3 
035 |a 35514 
040 |a vLex 
090 |c 12758  |d 12758 
100 1 |a Klippel, Rodrigo 
245 1 0 |a Teoria geral do processo & teoria do processo civil brasileiro  |h [Recurso electrn̤ico] /  |c Rodrigo Klippel 
256 |a Servicio en ln̕ea 
260 |a Indaiatuba:  |b Editora Foco,  |c 2018 
300 |a 1 recurso electrn̤ico 
500 |a O livro de Rodrigo Klippel ̌sem dv︢ida um manual dirigido a iniciantes. Mas livra-se com sucesso da enfadonha repetiȯ̂ de conted︢os legais e posicionamentos jurisprudenciais, que evidentemente j ̀estô na lei e na jurisprudn̊cia. Por meio de uma linguagem clara e em dil̀ogo concreto com o aluno que se inicia nos mistřios do direito e sobretudo do direito processual civil, leva-o a pensar pela prp̤ria cabeȧ e construir suas teses, tarefa essencial ao exercc̕io da nossa profissô, respeitando a doutrina. Sim, pois ̌a doutrina, tanto na prt̀ica quanto em seus aspectos cientf̕icos, que conduz a vanguarda do Direito, nô lhe cabendo fazer relatos descritivos do direito positivo.Este livro procura tambm̌ evitar as transcriė̳s int︢eis, no estilo “recortar e colar” que caracteriza a maior parte da produȯ̂ jurd̕ica nacional, feita por amadores que nô tm̊ tempo ou disposiȯ̂ de estudar nem de pensar e inventaram essa maneira de produzir livros longos e repetitivos. Por isso mesmo, o livro tambm̌ ser ̀de grande proveito para o profissional que queira recordar conceitos bs̀icos para o exercc̕io de seu trabalho ou organizar melhor as ideias.O livro est ̀estruturado em torno dos temas mais bs̀icos da dogmt̀ica processual, ressaltando a jurisdiȯ̂ e os princp̕ios, mas sem esquecer o direito de aȯ̂ e as competn̊cias e os ritos mais importantes, os quais constituem a validade de toda e qualquer alegaȯ̂ processual. A sobrecarga social sobre o direito estatal e seu processo dogmaticamente organizado constitui o pano de fundo do livro. (...) Por meio de uma linguagem clara e de muitos exemplos concretos, o livro mostra o fenm̥eno contemporńeo da processualizaȯ̂ (ou procedimentalizaȯ̂) do direito, em detrimento de seus conted︢os materiais. O aluno de direito consegue perceber a sobrecarga do Estado e de seus poderes judicantes, inserida num contexto tô debatido hoje no Brasil, qual seja o do ativismo judicial”. 
506 1 |a Disponible solo en los productos indicados  |d vLex Global  |d vLex Global (Academic Edition, excluding Law Schools)  |d vLex Global (U.S. Academic Edition, Law Schools)  |d vLex Global (U.S. Academic Edition, excluding Law Schools)  |d vLex Global (Academic Edition, Law Schools) 
650 0 4 |a Derecho Civil  |z Brasil 
650 0 4 |a Procedimiento Civil  |z Brasil 
740 0 |a vLex Libros (Servicio en ln̕ea) 
856 4 0 |u https://app.vlex.com/#/sources/35514  |z Acceso restringido 
942 |c BOOK 
999 0 |a Civil Law 
999 0 |a Civil Procedure